Music Quiz

Random Music Quiz

Tutte le canzoni di Caparezza Quiz Stats

 Plays Quiz not verified by Sporcle

Score 0/112 Timer 15:00
0 Plays Today
Album % Correct
Prisoner 709
79.7%
Fuori dal tunnel
79.1%
Mica Van Gogh
78.3%
Prisoner 709Prosopagnosia
76.6%
Prosopagno sia!
76.6%
Ilaria condizionata
75.6%
Vieni a ballare in Puglia
75.6%
Vengo dalla luna
75.2%
Ti fa stare bene
74.8%
Una chiave
73.3%
Eroe (Storia di Luigi delle Bicocche)
72%
Avrai ragione tu (Ritratto)
71%
Larsen
71%
Abiura di me
70.9%
Verità SupposteIl secondo secondo me
68%
Habemus Capa
66.9%
MuseicaCanzone all'entrata
66.3%
La caduta di Atlante
66.3%
Sono il tuo sogno eretico
66%
Jodellavitanonhocapitouncazzo
65.2%
Confusianesimo
64.9%
Argenti vive
64.6%
China Town
64.4%
La mia parte intollerante
63.9%
Canzone all'uscita
63.6%
Bonobo power
62.7%
Cacca nello spazio
62.5%
Autoipnotica
62.5%
La fine di Gaia
62%
Teste di Modì
61.9%
Dalla parte del toro
61.4%
Migliora la tua memoria con un click
61.1%
Il Sogno EreticoNessun dorma
60.8%
Le Dimensioni del mio CaosLa rivoluzione del sessintutto
60.4%
La fitta sassaiola dell'ingiuria
60.3%
Ulisse (You listen)
60.3%
Non me lo posso permettere
60.3%
Tutti dormano
59.8%
Album % Correct
Chi se ne frega della musica
59.8%
Goodbye Malinconia
59.8%
Il testo che avrei voluto scrivere
59.8%
Forever Jung
59.7%
Il dito medio di Galileo
58.2%
Sogno di potere
57.6%
Comunque Dada
57.3%
Le Dimensioni del mio CaosIl circo delle pantegane
57%
Nessuna razza
56.3%
Torna catalessi
56.3%
Compro horror
56.2%
L'uomo che premette
55.5%
La grande opera
55.4%
?!Intro
54.9%
Giotto beat
54.9%
MuseicaCover
54.7%
Canzone a metà
54.7%
Legalize the Premier
54.3%
Felici ma trimoni
54.1%
Kevin Spacey
54%
Kitaro
53.8%
Minimoog
53.8%
Non mettere le mani in tasca
53.6%
Pimpami la storia
53.2%
Io diventerò qualcuno
52.8%
Messa in moto
52.8%
Annunciatemi al pubblico
52.7%
Figli d'arte
52.4%
Non siete Stato voi
52.1%
Mea culpa
51.7%
Fai da tela
51.3%
La marchetta di Popolino
50.8%
L'infinto
50.8%
La gente originale
50.6%
La legge dell'ortica
50.5%
Ti sorrido mentre affogo
50.3%
È tardi
49.8%
Tutto ciò che c'è
49.7%
Album % Correct
Stango e sbronzo
49.2%
Dualismi
47.8%
Un vero uomo dovrebbe lavare i piatti
47.8%
House credibility
47.5%
La ghigliottina
47.5%
Mammamiamamma
46.7%
Gli insetti del podere
46.7%
Cose che non capisco
46.5%
Follie preferenziali
46.4%
Limiti
45.4%
Giuda me
45.4%
**** the violenza
45.1%
Troppo politico
44.8%
Chi cazzo me lo fa fare
44.3%
Ti clonerò
43%
Mi è impossibile
42.1%
Dagli all'untore
42.1%
Ninna nanna di Mazzarò
41.5%
Inno verdano
41.3%
Sfogati
41.3%
Ti Giri
41.1%
Dindalè dindalò
40.7%
Il conflitto
40.3%
L'età dei figuranti
40.2%
Habemus CapaMors mea tacci tua (Intro)
40%
Titoli
39.2%
Sono troppo stitico
39.1%
Cammina solo
38.4%
Nel paese dei balordi
37%
Il silenzio dei colpevoli
35%
Epocalisse
33.4%
Sssaasss
32.1%
Profilo psichico
32%
Uomini di molta fede
31.5%
Tii-Yan
28.6%
The Auditel family
27.5%

You're not logged in!

Compare scores with friends on all Sporcle quizzes.
OR
Log In

Show Comments

Extras

Top Quizzes Today


Score Distribution

Your Account Isn't Verified!

In order to create a playlist on Sporcle, you need to verify the email address you used during registration. Go to your Sporcle Settings to finish the process.

Report this User

Report this user for behavior that violates our Community Guidelines.

Details: